Statistics for Countries Angela Merkel has visited

Click here to take the quiz!

General Stats

  • This quiz has been taken 93 times
  • The average score is 76 of 86

Answer Stats

ContinentCountry% Correct
AsiaChina
99%
EuropeUnited Kingdom
99%
South AmericaArgentina
97%
OceaniaAustralia
97%
EuropeIreland
97%
AsiaJapan
97%
EuropeSweden
97%
AfricaAlgeria
96%
EuropeAustria
96%
EuropeBulgaria
96%
North AmericaCanada
96%
EuropeFrance
96%
AfricaNiger
96%
AfricaSouth Africa
96%
EuropeSpain
96%
North AmericaUnited States of America
96%
europeAlbania
94%
South AmericaBrazil
94%
AsiaIndia
94%
EuropeNorway
94%
EuropePoland
94%
EuropeSlovakia
94%
EuropeSlovenia
94%
Asia/ EuropeTurkey
94%
EuropeUkraine
94%
EuropeBelgium
93%
South AmericaChile
93%
South AmericaColombia
93%
AfricaEgypt
93%
EuropeFinland
93%
EuropeLatvia
93%
EuropeLithuania
93%
AfricaNigeria
93%
Asia/ EuropeRussia
93%
AsiaSouth Korea
93%
AsiaUnited Arab Emirates
93%
EuropeBosnia and Herzegovina
91%
EuropeCroatia
91%
EuropeDenmark
91%
EuropeGreece
91%
AsiaIndonesia
91%
EuropeItaly
91%
EuropePortugal
91%
EuropeSwitzerland
91%
AsiaAzerbaijan
90%
EuropeBelarus
90%
EuropeEstonia
90%
AsiaIsrael
90%
OceaniaNew Zealand
90%
EuropeRomania
90%
AsiaSaudi Arabia
90%
EuropeSerbia
90%
EuropeVatican City
90%
AsiaVietnam
90%
AfricaAngola
88%
EuropeCzech Republic
88%
EuropeIceland
88%
EuropeLuxembourg
88%
North AmericaMexico
88%
Europethe Netherlands
88%
AsiaAfghanistan
87%
AsiaArmenia
87%
EuropeHungary
87%
South AmericaPeru
87%
AfricaKenya
86%
EuropeCyprus
84%
AsiaGeorgia
84%
AsiaJordan
84%
AfricaEthiopia
83%
EuropeKosovo
83%
EuropeMoldova
83%
AfricaTunisia
83%
AsiaKazakhstan
81%
AsiaLebanon
81%
AfricaMorocco
81%
AfricaGhana
80%
EuropeMalta
80%
AsiaMongolia
80%
AsiaKuwait
78%
AfricaMali
78%
AsiaSingapore
78%
EuropeNorth Macedonia
77%
AsiaKyrgyzstan
71%
AfricaSenegal
70%
AfricaIvory Coast
64%
AfricaBurkina Faso
51%

Score Distribution

Percentile by Number Answered

Percent of People with Each Score

Your Score History

You have not taken this quiz